000 00497nam a2200181Ia 4500
005 20250326123504.0
008 250326s9999 xx 000 0 und d
037 _aTextbook
040 _aFMSL
_beng
_cFMSL
041 _aeng
_2eng
084 _aX:8 P2
_qFMSL
100 _aJoel A C B
_9735276
245 0 _aCompanion to organizations
_cJoel A C B
260 _aUnited Kingdom
_bUnited Kingdom, Blackwell
_c2002
300 _a955p
942 _cTB
_hX:8 P2
999 _c1269577
_d1269577